000 00560nam a2200157 a 4500
008 120416s1969 ||||||||||||||||| || u
020 _a0442781679
050 _aTK 7888.3 Bur
245 1 0 _aDigital computer principles
246 _aBurroughs Corporation. Technical Training Department
250 _a2nd ed.
260 _aNew York
_bMcGraw-Hill
_c1969
300 _aix,578p. : ill.
350 _a0.00
995 _D0.00
_FCBU-MAIN LIBRARY (Kitwe)
_H1
_I4.70
_UAVAILABLE
_ZMain Library Open Access Collection
999 _c40154
_d40154